000
00287nam a22001097a 4500
003
OSt
008
211008b ||||| |||| 00| 0 eng d
082
_a
332.41
_b
PAI/ST
100
_a
Paish,F W
_9
5105
245
_a
studies in an inflationary economy
_b
The united Kingdom 1948-1961
942
_c
BK
999
_c
17449
_d
17449